| 000 | 007740000a22001930004500 | ||
|---|---|---|---|
| 001 | 2251 | ||
| 041 | 0 | _aSPA | |
| 082 | 0 | 4 | _aG 268.58 C39787t |
| 100 | 1 | _aHershey, Katherine | |
| 245 | 1 | 0 | _aTextos para maestros de niños / Katherine Hershey [et. al.] |
| 260 | _aMéxico, D.F., México : Centro Cultural Pro la Niñez | ||
| 300 | _a51 Pag | ||
| 500 | _aTexto para maestros de niños | ||
| 505 | 0 | 0 | _avol. 1 : La vida de los Patriarcas vol. 2 : La vida de José vol. 3 : La vida de Josué vol. 4 : La vida de David vol. 5 : La vida del profeta Elías vol. 6 : La vida del profeta Eliseo vol. 7 : La vida de Ester vol. 8 : La vida de Cristo |
| 942 | _cBK | ||
| 999 |
_c33207 _d33207 |
||
| 336 |
_atexto _btxt _2rdacontent |
||
| 337 |
_2rdamedia _asin mediación _bn |
||
| 338 |
_2rdacarrier _avolumen _bnc |
||